[Event "XLI Barbera del Valles Open 2018"]
[Site "Barbera del Valles"]
[Date "2018.07.10"]
[Round "7"]
[White "Iniyan, P."]
[Black "Oliva Castaneda, Kevel"]
[Result "1/2-1/2"]
[WhiteElo "2451"]
[BlackElo "2491"]
[Annotator "TA"]
[PlyCount "105"]
[EventDate "2018.07.04"]
[EventType "swiss"]
[EventCountry "ESP"]
[SourceTitle "playchess.com"]
[Source "ChessBase"]
[SourceQuality "1"]

{[%evp 18,105,85,72,112,97,94,91,107,87,85,52,52,52,47,46,49,36,102,106,102,102,115,79,108,76,118,81,71,69,75,87,119,24,77,82,88,89,131,97,102,90,348,314,322,315,323,278,278,278,239,229,278,260,406,331,362,332,289,0,311,330,326,323,318,318,318,318,349,312,341,314,303,229,512,0,181,27,18,0,0,0,0,0,0,0,0,0,0,0]} 1. d4 Nf6 2. c4 c5 3. d5 g6 4. Nc3 Bg7 5. e4 O-O 6. Nf3 d6 7. Be2 Na6 8. h3 {E91: Königsindisch (Klassisches System)} (8. O-O Nc7 9. h3 e5 10. Ne1 Bd7 11. a3 a5 12. Rb1 a4 13. b4 axb3 14. Qxb3 Bc8 15. Nd3 Nd7 16. Be3 f5 17. f3 f4 {½-½ (38) Cruz,C (2562)-Martinez Duany,L (2507) Havana 2018}) 8... Nc7 9. Bf4 a6 10. O-O {LiveBook: 3 Partien. Weiß steht besser.} Nd7 11. a4 b6 12. Qd2 Re8 13. Nh2 $146 ({Vorgänger:} 13. Rfe1 Bb7 14. Bf1 {½-½ (92) Schuurman,P (2275)-Stokes,I (2044) Gibraltar 2007}) 13... e5 14. dxe6 Nxe6 15. Bxd6 Nd4 16. Rad1 Bb7 17. Bd3 Ne5 (17... Nb3 $14 18. Qe3 f5) 18. Bxe5 $1 $16 Rxe5 19. f4 Re8 20. e5 f5 21. Be2 Bh6 22. Bf3 (22. Nf3 {with more complications.} Rc8 23. Qe3 Bxf3 24. Bxf3 g5 25. Bd5+) 22... Nxf3+ 23. Nxf3 Qxd2 24. Nxd2 Rad8 {[#]} 25. h4 (25. Nd5 $1 $16) 25... Rd4 (25... Rd3 $1 $11) 26. g3 Bf8 27. Kf2 Rd3 28. Rfe1 Red8 29. Nf1 b5 $2 {[%mdl 8192]} (29... Rf3+ $16 30. Kg1 Rd4) 30. axb5 $18 (30. cxb5 c4 $16) 30... axb5 31. Rxd3 (31. cxb5 c4 $16) 31... Rxd3 32. Nxb5 Rf3+ 33. Kg1 Rb3 34. Re2 Be4 35. Rd2 Rf3 (35... Bd3 {war einen Versuch wert.} 36. Ne3 Bxc4 37. Nxc4 Rxb5) 36. Rd7 Bd3 37. Kg2 Be4 38. Kg1 Bd3 $1 {[%cal Rd3c4]} 39. Nd2 Rxg3+ 40. Kf2 Rh3 41. Kg2 Re3 42. Nc3 Bh6 43. Nd5 Re2+ 44. Kg3 Kf8 ({Und nicht} 44... Rxd2 45. Nf6+ Kf8 46. e6 Bxf4+ 47. Kxf4 g5+ 48. hxg5 Rf2+ 49. Kg3 f4+ 50. Kxf2 Bg6 51. e7+ Kg7 52. e8=Q+ Bf7 53. Qg8#) 45. Rd8+ (45. Rxh7 Bg7 $14) 45... Kf7 $2 (45... Kg7 {ist eine bessere Verteidigung.} 46. Rd7+ Kf8) 46. Rd7+ $2 (46. Rd6 {Droht h5! und aus.} Re1 47. Rd7+ Kf8 48. Rxh7) 46... Kf8 47. Nf6 $2 (47. Rxh7 Bg7 $14) (47. Nf1 $18) 47... Re3+ $11 48. Nf3 {[#] Und Sd5 würde nun gewinnen.Die Stellung ist ausgeglichen.} Be4 $1 49. Nxh7+ Ke8 50. Nf6+ Kf8 51. Nh7+ Ke8 52. Nf6+ Kf8 53. Nh7+ {Precision: Weiß = 73%, Schwarz = 41%.} 1/2-1/2

[Event "XLI Barbera del Valles Open 2018"]
[Site "Barbera del Valles"]
[Date "2018.07.10"]
[Round "7"]
[White "Himanshu, Sharma"]
[Black "Cori, Kevin J."]
[Result "1-0"]
[WhiteElo "2420"]
[BlackElo "2487"]
[Annotator "TA"]
[PlyCount "105"]
[EventDate "2018.07.04"]
[EventType "swiss"]
[EventCountry "ESP"]
[SourceTitle "playchess.com"]
[Source "ChessBase"]
[SourceQuality "1"]

{[%evp 27,105,0,0,0,0,-1,0,-8,-5,-31,-32,-31,-32,-63,-42,-48,-53,-61,-47,-54,-16,-16,-33,-23,-27,-27,26,26,42,42,44,43,44,44,128,128,133,114,104,104,108,104,97,105,106,107,95,96,102,100,114,93,114,77,69,77,94,83,107,107,107,99,103,67,67,67,97,75,116,104,233,213,208,216,438,426,633,633,625,623]} 1. e4 e5 2. Nf3 Nc6 3. Bb5 a6 4. Bxc6 dxc6 5. O-O f6 6. d4 Bg4 7. dxe5 Qxd1 8. Rxd1 fxe5 9. Nbd2 O-O-O 10. Re1 Bd6 11. h3 Bh5 12. Nh4 {C69: Spanische Partie (Abtauschvariante)} Nf6 13. Nf5 Bb4 14. c3 Bf8 $1 {LiveBook: 3 Partien} 15. Nc4 (15. g4 Bf7 16. Nf3 Re8 17. Kg2 h5 18. Ng5 Bg8 19. Kg3 Nh7 {0-1 (79) Zherebukh,Y (2629)-Sokolov,I (2642) Haguenau 2013}) 15... Re8 16. Bg5 Nd7 $146 {[%cal Bf6d7,Bd7c5,Bc5d3,Bd3f4][%mdl 32]} ({Vorgänger:} 16... Bf7 17. Bxf6 gxf6 18. Nce3 h5 19. b3 a5 {0-1 (65) Dulany,L (2340)-Moskalyov,V (2324) ICCF email 2016}) 17. f3 Bf7 18. Na5 h6 19. Bh4 Be6 20. Ne3 Nc5 21. b3 Nd3 22. Red1 Nf4 23. Kf1 Bc5 24. Bf2 Be7 25. Nac4 Bf6 26. h4 {[%cal Bh3h4,Bh4h5][%mdl 32]} Rd8 (26... g5 $142 27. g3 Bh3+ 28. Ke1 b5 29. hxg5 (29. gxf4 exf4 30. Ke2 fxe3 $17) 29... hxg5) 27. g3 $36 {[%mdl 2048] Weiss hat gut koordiniertes Spiel.} Ng6 28. h5 Ne7 29. Rxd8+ Rxd8 30. Ke2 b5 (30... b6 $14) 31. Nb2 $16 Bf7 32. g4 c5 33. Nd3 c4 34. bxc4 bxc4 35. Nb2 g6 36. Rh1 gxh5 37. gxh5 Bg5 38. Nbxc4 Nc6 39. a3 Rg8 40. Nb2 Bxe3 41. Kxe3 Rg5 42. Nd3 a5 43. Bh4 Rxh5 44. Nf2 {Und weiter mit Sg4 wäre nett.} Kd7 45. Ng4 {[#] Und Sf6+ würde nun gewinnen.} Ke6 $1 46. Rh2 a4 47. Kd3 Be8 48. Kc4 Nb8 (48... Kf7 $16 {ist eine bessere Verteidigung.}) 49. Ne3 $18 Nd7 50. Nf1 Nf8 $2 {[#]} (50... Kd6 {war einen Versuch wert.} 51. Ng3 Nb6+ 52. Kb4 c5+ 53. Ka5 Rxh4 54. Rxh4 Kc7 55. Rxh6 Nc4+ 56. Ka6 Nxa3 57. Rh7+ Kc6) 51. Ng3 {Weiß steht klar auf Gewinn.} Nh7 (51... Kd7 $142 52. Nxh5 Bxh5) 52. Nxh5 Bxh5 53. Bd8 {Precision: Weiß = 70%, Schwarz = 52%.} 1-0

[Event "XLI Barbera del Valles Open 2018"]
[Site "Barbera del Valles"]
[Date "2018.07.10"]
[Round "7"]
[White "Gonzales, Jayson"]
[Black "Guliyev, Namig"]
[Result "1-0"]
[WhiteElo "2367"]
[BlackElo "2545"]
[Annotator "TA"]
[PlyCount "103"]
[EventDate "2018.07.04"]
[EventType "swiss"]
[EventCountry "ESP"]
[SourceTitle "playchess.com"]
[Source "ChessBase"]
[SourceQuality "1"]

{[%evp 13,103,-20,-18,-19,-19,-16,-31,-29,0,-10,31,-16,-27,-13,-15,-35,0,-48,-10,-15,-11,-34,-18,-29,-9,-30,-34,-29,-35,-29,-31,-43,-30,-82,-71,-79,0,0,0,0,0,-10,0,0,0,0,0,-62,-62,-122,-118,-118,-117,-122,-118,-181,-118,-253,522,522,497,502,426,358,764,708,592,580,962,1003,1077,1025,2943,2729,29973,2275,1962,1729,5455,5435,29973,29974,29982,29983,29983,29984,29985,29986,29986,29987,29995,29996]} 1. Nf3 d5 2. c4 d4 3. b4 g6 4. Bb2 Bg7 5. e3 e5 6. exd4 {A09: Reti-Eröffnung} exd4 7. d3 Ne7 {LiveBook: 6 Partien} 8. Nbd2 {Die Stellung ist ausgeglichen.} a5 9. a3 O-O 10. Be2 Na6 $146 ({Vorgänger:} 10... Nec6 11. b5 Ne5 {½-½ (44) Gronn,A (2320)-Raetsky,A (2510) Cappelle-la-Grande 1995}) 11. Nb3 {[%cal Rb2d4]} c5 12. b5 a4 13. Nbd2 Nc7 14. O-O b6 15. Ne1 g5 16. Ne4 Ng6 17. Bc1 Ne6 18. Ng3 f5 19. Bf3 Ra7 20. Bd5 Kh8 21. Nh5 f4 22. Ra2 g4 23. Re2 ({Nur nicht} 23. Qxg4 $2 Nc7 $19) (23. f3 $11 {bleibt in der Remisbreite.}) 23... Ng5 $17 24. f3 gxf3 (24... Bh6 $17) 25. Nxf3 $11 Bg4 26. Nxg7 Rxg7 27. Kh1 (27. Qxa4 $2 Bxf3 28. Bxf3 Nh4 $17) 27... Ne7 $36 {[%mdl 2048] Schwarz hat Initiative.} 28. Be4 $1 Nxe4 29. Rxe4 Ng6 30. Qc2 ({Doch nicht} 30. Qxa4 Bf5 $17) (30. Rf2 $1 $11) 30... Bc8 $15 31. Ree1 ({Besser ist} 31. Qe2 $15) 31... Bb7 {Droht ...Sh4 und aus.} 32. Qf2 Rfg8 33. Rg1 Qf6 34. Re2 {[#]} (34. Bd2 $17 {ist wohl besser.}) 34... Ne5 $1 {[%mdl 512]} 35. Nxe5 {[#]} (35. Rxe5 $17 {ist der einzige Weg für Weiss..} Bxf3 36. Qxf3 Qxe5 37. Bxf4) 35... Rxg2 $4 {[%mdl 8192]} (35... f3 $1 $19 {[%cal Rf3g2] und alles wird gut.} 36. Nxf3 Bxf3) 36. Rxg2 $18 Rxg2 37. Qxg2 Bxg2+ 38. Kxg2 f3+ $2 (38... Kg7 39. Kf3 Qh4) 39. Nxf3 Qg6+ {[#]} 40. Kf2 $1 h6 41. Re4 Kg8 42. Bf4 h5 43. Bg5 Qd6 44. Kg2 (44. Re8+ $142 Kf7 45. Rc8 h4 46. Rc6 Qb8 47. Bxh4 Qe8 48. Bg5 Qb8 49. h4) 44... Qd7 45. h3 Qc8 46. Kg3 Qf5 47. Bf4 {Weiß setzt Matt.} Qg6+ 48. Ng5 Kf8 49. Kh4 Kg8 50. Re6 Qxd3 51. Kxh5 Kf8 52. Kh6 {Precision: Weiß = 58%, Schwarz = 46%.} 1-0

[Event "XLI Barbera del Valles Open 2018"]
[Site "Barbera del Valles"]
[Date "2018.07.10"]
[Round "7"]
[White "Sauravh, Khherdekar"]
[Black "Stella, Andrea"]
[Result "0-1"]
[WhiteElo "2239"]
[BlackElo "2504"]
[Annotator "TA"]
[PlyCount "102"]
[EventDate "2018.07.04"]
[EventType "swiss"]
[EventCountry "ESP"]
[SourceTitle "playchess.com"]
[Source "ChessBase"]
[SourceQuality "1"]

{[%evp 23,102,0,6,-15,-15,-15,-14,-15,-12,-16,-15,-14,-12,-26,-21,-40,-41,-56,-62,-128,-122,-126,-122,-125,-126,-105,-127,-356,-104,-293,-68,-68,-72,-82,-56,-56,-56,-63,-56,-56,-56,-64,-52,-67,-22,-84,-68,-81,-76,-84,-84,-84,-84,-115,-84,-138,-84,-162,-168,-191,-190,-529,-477,-1202,-1202,-1202,-1202,-1202,-1195,-1195,-1195,-1195,-1195,-680,-408,-1199,-497,-1392,-1304,-1436,-1418]} 1. d4 d5 2. c4 e6 3. Nf3 Nf6 4. g3 dxc4 5. Bg2 c5 6. O-O Nc6 7. Qa4 Bd7 8. Qxc4 b5 9. Qd3 c4 10. Qd1 Rc8 11. Bg5 {E04: Open Catalan: 5 Nf3} (11. Ne5 Bd6 12. Nxd7 Qxd7 13. Nc3 a6 14. Bg5 Be7 15. e3 O-O 16. Qe2 Rfd8 17. Rfd1 Nd5 18. Bxe7 Qxe7 {½-½ (55) Fedoseev,V (2718)-Yu,Y (2751) Riadh 2017}) 11... Be7 12. Nc3 a6 {LiveBook: 4 Games} 13. Ne5 {The position is equal.} O-O 14. e3 {[#]} Be8 $146 ({Predecessor:} 14... Nxe5 15. dxe5 Nd5 16. Bxe7 Qxe7 17. Nxd5 exd5 18. Qxd5 Bc6 {1-0 (78) Szabo,G (2545)-Grigore,G (2505) Baia Sprie 2011}) 15. Nxc6 Bxc6 16. Bxc6 Rxc6 17. Qf3 Rc7 18. Bxf6 Bxf6 19. Rfd1 b4 20. Ne4 Be7 $1 21. d5 (21. Rac1 $15) 21... exd5 $17 {[#]} 22. Rxd5 $1 {[%mdl 512]} Qxd5 {[#]} 23. Nf6+ $1 {[%mdl 512]} Bxf6 24. Qxd5 Bxb2 25. Rb1 $2 {[#]} (25. Re1 $17) 25... c3 $2 (25... Ba3 $1 $19 {has better winning chances. Threatens to win with ...c3.} 26. Qd2 c3) 26. Qb3 $2 {[#]} (26. Qe5 $17 Rfc8 27. Rxb2) 26... c2 $2 (26... Ba3 $1 $19 27. Qc2 Rcc8) 27. Qxb2 $15 {Black must now prevent Rc1.} cxb1=Q+ 28. Qxb1 {[%mdl 4096] Endgame KQ-KRR} a5 29. Qf5 Ra8 {Hoping for ...a4.} 30. Qb5 Rcc8 31. h4 Rcb8 32. Qa4 $1 h5 33. Kg2 g6 34. Kf3 (34. f4 $11 {keeps the balance.}) 34... Rb6 35. e4 Re6 36. Qb5 Rae8 37. Qxa5 Rxe4 38. Qb5 R4e5 39. Qc4 (39. Qxb4 $142 Ra8 40. Qc4) 39... Ra5 (39... Rf5+ $142 40. Kg2 Ra5) 40. g4 (40. Kg2 $17) 40... Rea8 41. gxh5 Rxh5 42. Kg4 $2 (42. Kg3 {is tougher.}) 42... Ra3 $19 43. f3 (43. Qc2 $142 Rha5 44. Qc7) 43... Rf5 44. Qxb4 Rxa2 45. Kg3 Raa5 46. Qb3 Kg7 47. Qc3+ Kh7 48. Qb2 Ra6 49. h5 (49. f4 $142) 49... Rxh5 {Black is clearly winning.} 50. Kg4 (50. Qb7 $142 Rf6 51. Qc8) 50... Rf5 51. Qh2+ Kg7 {Precision: White = 26%, Black = 66%.} 0-1

[Event "XLI Barbera del Valles Open 2018"]
[Site "Barbera del Valles"]
[Date "2018.07.11"]
[Round "8"]
[White "Guseinov, Gadir"]
[Black "Aguero Jimenez, Luis Lazaro"]
[Result "1-0"]
[WhiteElo "2654"]
[BlackElo "2473"]
[Annotator "TA"]
[PlyCount "111"]
[EventDate "2018.07.04"]
[EventType "swiss"]
[EventCountry "ESP"]
[SourceTitle "playchess.com"]
[Source "ChessBase"]
[SourceQuality "1"]

{[%evp 19,111,22,18,17,31,11,12,4,7,0,0,0,4,0,19,0,0,0,20,-61,-63,-164,-157,-127,-147,-234,-216,-264,-264,-252,-219,-217,-86,-80,-71,-82,-38,-38,-38,-39,-37,-37,-37,-37,-37,-39,-39,-38,-37,-61,-56,-65,-57,-70,-33,-37,0,0,16,25,12,22,22,0,22,0,0,0,0,0,18,15,22,24,21,21,24,0,533,513,463,68,68,68,68,68,68,68,29966,29969,29981,29982,29996,29997]} 1. e4 {Huzman,A} e5 2. Nf3 Nf6 3. d4 Nxe4 4. Bd3 d5 5. Nxe5 Nd7 6. Nxd7 Bxd7 7. O-O Bd6 8. Qh5 Nf6 {C43: Russische Verteidigung (Petrow)} (8... Qf6 9. Be3 O-O-O 10. Nc3 Nxc3 11. bxc3 Qe6 12. Rfe1 f6 13. Bd2 Qg8 14. Rab1 Kb8 15. h3 b6 16. Ba6 {1-0 (41) Ivanchuk,V (2728)-Giri,A (2772) Tbilisi 2017}) 9. Re1+ Be7 10. Qe2 Bg4 {LiveBook: 3 Partien. Die Stellung ist ausgeglichen.} 11. Qe3 Be6 12. Nd2 {[%cal Bb1d2,Bd2f3,Bf3e5][%mdl 32]} O-O 13. Nf3 {[#]} Bd6 $146 ({Vorgänger:} 13... Re8 14. Ne5 Qc8 15. Qf3 Bg4 16. Qf4 {½-½ (30) Dominguez Perez,L (2661)-Macieja,B (2618) Bermuda 2005 CBM 106 [Huzman,A]}) 14. Ne5 Re8 15. Qf3 Qc8 16. Bd2 c6 17. c3 Qc7 18. a3 Nd7 {[%cal Rd6e5]} 19. Qg3 ({Lieber} 19. Bf4 $11) 19... f6 $1 $15 {[%cal Rf6e5]} 20. f4 (20. Qh4 $1 $15 fxe5 21. Qxh7+ Kf8 22. Qh8+ Bg8 23. Bg6) 20... fxe5 $19 21. fxe5 Be7 22. Rf1 (22. Bh6 $17 Bf8 23. Rf1) 22... Kh8 23. Bg5 Bxg5 24. Qxg5 {Wenn Weiss jetzt Zeit für Dh5 hätte...} Qd8 25. Qh5 {[%csl Gd3][%cal Rh5h7]} g6 (25... Bg8 $19 {und Schwarz behält klar die Oberhand.} 26. Rf2 Rf8) 26. Bxg6 $17 {[%csl Gg6][%cal Rh5h7]} Re7 27. Bf7 {Droht Lxe6 und aus.} Rxf7 28. Rxf7 Bxf7 29. Qxf7 Qe8 30. Rf1 b5 31. Qxe8+ Rxe8 $15 {[%mdl 4096] Endspiel KTS-KT} 32. Rf7 Nb6 $1 33. Rxa7 Na4 34. Rc7 Re6 35. Kf2 Nxb2 36. Ke3 Nc4+ 37. Kf4 $1 Rg6 38. g4 Kg8 39. h4 {[%cal Bh2h4,Bh4h5,Bh5h6][%mdl 32]} Nxa3 40. h5 Re6 41. g5 Nc4 42. h6 Re8 43. Rxc6 Rf8+ 44. Kg3 Nd2 45. Kg4 Ne4 46. e6 Nf2+ $1 47. Kh5 {Droht stark Tc7.} Ne4 48. Rc7 {Schwarz muss nun Tg7+ beachten.} Re8 $2 {[%mdl 8192]} (48... Rf4 $1 $11 {und Schwarz steht sicher.} 49. Rg7+ Kh8) 49. Rg7+ $18 Kh8 {[#]} 50. Rd7 $2 ({Weiss kommt nicht vorbei an} 50. e7 $1 $18 Ng3+ 51. Kg4) 50... Kg8 $14 ({Vergiftet wäre} 50... Nxc3 $2 51. e7 $18) 51. Rxd5 Nxc3 ({Aber nicht} 51... Rxe6 $2 52. Rd8+ Kf7 53. Rh8 $18) 52. Rd7 $1 {d5 ist eine echte Drohung.} b4 53. d5 $1 {[%cal Bd4d5,Bd5d6,Bd6d7][%mdl 1056] Weiss hat Kompensation.} b3 $2 {[%mdl 8192] [#]} (53... Nxd5 $14 54. Rxd5 b3) 54. Rg7+ $1 {Weiß setzt Matt.} Kh8 55. d6 b2 56. d7 {Precision: Weiß = 50%, Schwarz = 60%.} 1-0

[Event "XLI Barbera del Valles Open 2018"]
[Site "Barbera del Valles"]
[Date "2018.07.11"]
[Round "8"]
[White "Guliyev, Namig"]
[Black "Kadam Om, Manish"]
[Result "1-0"]
[WhiteElo "2545"]
[BlackElo "1836"]
[Annotator "TA"]
[PlyCount "59"]
[EventDate "2018.07.04"]
[EventType "swiss"]
[EventCountry "ESP"]
[SourceTitle "playchess.com"]
[Source "ChessBase"]
[SourceQuality "1"]

{[%evp 28,59,23,21,64,61,58,39,47,41,82,64,108,63,152,152,156,117,166,170,173,169,186,188,201,183,380,402,620,604,579,606,595,589]} 1. e4 c5 2. Nf3 d6 3. d4 cxd4 4. Nxd4 Nf6 5. Nc3 a6 6. Be3 Ng4 7. Bc1 Nf6 8. h3 e6 9. g4 d5 10. exd5 Nxd5 11. Nde2 {[%cal Bd4e2,Be2c3,Bc3e4,Be4d6][%mdl 32] B81: Sicilian Scheveningen: Keres Attack} Nxc3 (11... Bb4 12. Bg2 O-O 13. O-O Nxc3 14. Nxc3 Qc7 15. Qd4 Nc6 16. Bxc6 Bxc3 17. Qxc3 bxc6 18. Be3 e5 19. Rae1 Bd7 20. Bc5 {½-½ (62) Fedoseev,V (2665)-Kokarev,D (2636) Novosibirsk 2016}) 12. Qxd8+ Kxd8 13. Nxc3 Bd7 14. Bg2 Bc6 15. O-O {LiveBook: 4 Games} Bb4 16. Ne4 Nd7 17. Bf4 e5 18. Bg3 f6 {[#]} 19. c3 $146 Ba5 20. Rad1 $36 {[%mdl 2048] And now Nd6 would win. White is pushing.} Ke7 (20... Bc7 $14) 21. Nd6 $16 g6 22. Nxb7 Bxg2 23. Kxg2 Bc7 24. Rd2 Nb6 25. b3 a5 26. f4 {Threatens to win with fxe5.} a4 $2 {[#]} (26... Ra7) 27. fxe5 $18 fxe5 (27... Bxe5 $142 28. Re2 Ke6) 28. Bh4+ {White is clearly winning.} Ke8 29. Nd6+ Bxd6 30. Rxd6 {Precision: White = 93%, Black = 24%.} 1-0

[Event "XLI Barbera del Valles Open 2018"]
[Site "Barbera del Valles"]
[Date "2018.07.11"]
[Round "8"]
[White "Stella, Andrea"]
[Black "Oliva Castaneda, Kevel"]
[Result "1-0"]
[WhiteElo "2504"]
[BlackElo "2491"]
[Annotator "RC"]
[PlyCount "137"]
[EventDate "2018.07.04"]
[EventType "swiss"]
[EventCountry "ESP"]
[SourceTitle "playchess.com"]
[Source "ChessBase"]
[SourceQuality "1"]
[TimeControl "5400+30"]

1. d4 {[%emt 0:00:00]} Nf6 {[%emt 0:00:00]} 2. Nf3 {[%emt 0:00:00]} g6 {[%emt 0:01:49]} 3. c4 {[%emt 0:00:41]} Bg7 {[%emt 0:00:35]} 4. g3 {[%emt 0:00:11]} b6 {[%emt 0:00:21]} 5. Bg2 {[%emt 0:00:20]} Bb7 {[%emt 0:00:03]} 6. O-O {[%emt 0:00:56]} O-O {[%emt 0:00:03]} 7. Re1 e6 {[%emt 0:01:34]} 8. Nc3 {[%emt 0:02:06]} Ne4 {[%emt 0:00:11]} 9. Nxe4 {[%emt 0:00:05]} Bxe4 {[%emt 0:00:04]} 10. Bg5 {[%emt 0:00:05]} f6 {[%emt 0:07:30]} 11. Be3 {[%emt 0:01:53]} Nc6 {[%emt 0:05:58]} 12. d5 {[%emt 0:14:46]} Ne7 {[%emt 0:05:26]} 13. Nh4 {[%emt 0:20:48]} Bxg2 {[%emt 0:01:30]} 14. Nxg2 {[%emt 0:00:05]} c5 {[%emt 0:07:42]} 15. dxc6 {[%emt 0:03:47]} Nxc6 {[%emt 0:03:04]} 16. Qd2 {[%emt 0:01:05]} Rf7 {[%emt 0:01:05]} 17. Bh6 {[%emt 0:01:09]} Bxh6 {[%emt 0:01:08]} 18. Qxh6 {[%emt 0:00:02]} Qf8 {[%emt 0:00:13]} 19. Qxf8+ {[%emt 0:01:52]} Kxf8 {[%emt 0:00:08]} 20. Red1 {[%emt 0:00:29]} Rd8 {[%emt 0:00:54]} 21. Ne3 {[%emt 0:00:19]} d6 {[%emt 0:00:49]} 22. Rac1 {[%emt 0:03:36]} Rfd7 {[%emt 0:00:17]} 23. f3 {[%emt 0:01:06]} Ke7 {[%emt 0:01:12]} 24. Kf2 {[%emt 0:00:08]} Rc8 {[%emt 0:02:15]} 25. Rc3 {[%emt 0:06:04]} Ne5 {[%emt 0:01:00]} 26. f4 {[%emt 0:02:25]} Nf7 {[%emt 0:00:22]} 27. g4 {[%emt 0:00:55]} f5 {[%emt 0:00:39]} 28. g5 {[%emt 0:01:46]} h6 {[%emt 0:03:25]} 29. h4 {[%emt 0:00:06]} h5 {[%emt 0:00:45]} 30. Rcd3 {[%emt 0:05:00]} Nd8 {[%emt 0:03:24]} 31. Ra3 {[%emt 0:03:51]} Nc6 {[%emt 0:00:42]} 32. Ra4 {[%emt 0:04:03]} Na5 {[%emt 0:01:55]} 33. Rd3 {[%emt 0:01:29]} Nc6 {[%emt 0:03:40]} 34. b4 {[%emt 0:07:03]} Rdc7 {[%emt 0:02:41]} 35. Kg3 {[%emt 0:03:14]} Rb7 {[%emt 0:01:08]} 36. Rda3 {[%emt 0:00:34]} a5 {[%emt 0:03:01]} 37. bxa5 {[%emt 0:01:32]} bxa5 {[%emt 0:00:26]} 38. Rd3 {[%emt 0:00:48]} Rb2 {[%emt 0:05:28]} 39. Kf2 {[%emt 0:00:19]} Rcb8 {[%emt 0:00:09]} 40. Rd1 {[%emt 0:01:21]} Rb1 {[%emt 0:03:55]} 41. Ke1 {[%emt 0:03:43]} Kd7 {[%emt 0:04:01]} 42. Ra3 {[%emt 0:00:40]} Kc7 {[%emt 0:01:41]} 43. Rad3 {[%emt 0:00:52]} Rxd1+ {[%emt 0:00:07]} 44. Nxd1 {[%emt 0:00:30]} Rb4 {[%emt 0:00:31]} 45. Rc3 {[%emt 0:00:36]} Kb6 {[%emt 0:02:35]} 46. a3 {[%emt 0:03:16]} Rb1 {[%emt 0:00:25]} 47. Kd2 {[%emt 0:00:19]} Kc7 {[%emt 0:04:32]} 48. Kc2 {[%emt 0:00:46]} Rb8 {[%emt 0:00:26]} 49. Rd3 {[%emt 0:02:31]} Nd8 {[%emt 0:09:25]} 50. Nc3 {[%emt 0:00:11]} Nb7 {[%emt 0:00:09]} 51. Nb5+ {[%emt 0:02:53]} Kc6 {[%emt 0:00:18]} 52. Nd4+ {[%emt 0:00:03]} Kd7 {[%emt 0:00:09]} 53. Rb3 {[%emt 0:00:02]} e5 {[%emt 0:02:42]} 54. fxe5 {[%emt 0:00:08]} dxe5 {[%emt 0:00:05]} 55. Nf3 {[%emt 0:00:03]} Kc7 {[%emt 0:00:37]} 56. Nxe5 {[%emt 0:00:16]} Re8 {[%emt 0:00:05]} 57. Rb5 {[%emt 0:00:40]} Re6 {[%emt 0:00:50]} 58. Kd1 {[%emt 0:01:19]} a4 {[%emt 0:01:54]} 59. Nd3 {[%emt 0:00:43]} Nd6 {[%emt 0:00:51]} 60. Re5 {[%emt 0:00:11]} Rxe5 {[%emt 0:01:46]} 61. Nxe5 {[%emt 0:00:01]} Kb6 {[%emt 0:00:08]} 62. Nxg6 {[%emt 0:00:32]} Kc5 {[%emt 0:00:39]} 63. Nf4 Nxc4 {[%emt 0:01:05]} 64. g6 {[%emt 0:01:19]} Ne3+ {[%emt 0:00:06]} 65. Kc1 {[%emt 0:00:42]} Ng4 {[%emt 0:00:21]} 66. Nxh5 {[%emt 0:00:52]} Kd4 {[%emt 0:02:16]} 67. g7 {[%emt 0:00:29]} Nh6 {[%emt 0:00:03]} 68. Nf6 {[%emt 0:00:11]} Ke3 {[%emt 0:00:03]} 69. Kd1 1-0

[Event "XLI Barbera del Valles Open 2018"]
[Site "Barbera del Valles"]
[Date "2018.07.11"]
[Round "8"]
[White "Munoz, Miguel"]
[Black "Ortiz Suarez, Isan Reynaldo"]
[Result "0-1"]
[WhiteElo "2500"]
[BlackElo "2548"]
[Annotator "TA"]
[PlyCount "94"]
[EventDate "2018.07.04"]
[EventType "swiss"]
[EventCountry "ESP"]
[SourceTitle "playchess.com"]
[Source "ChessBase"]
[SourceQuality "1"]

{[%evp 15,94,11,68,-17,-17,-13,-7,-16,-4,-17,-11,-4,-15,-59,-57,-42,-49,-46,-52,-55,-58,-52,-60,-59,-44,-58,-44,-62,-51,-63,-58,-67,-60,-74,-87,-68,-70,-99,-99,-99,-103,-108,-88,-108,-115,-108,-107,-118,-130,-168,-156,-169,-104,-175,-98,-136,-141,-143,-102,-91,-77,-98,-105,-69,-91,-93,-86,-100,-63,-56,-33,-135,-143,-141,-84,-6445,-6398,-5110,-5065,-29991,-29992]} 1. e4 c5 2. Nf3 d6 3. Bb5+ Nd7 4. d4 cxd4 5. Qxd4 a6 6. Bxd7+ Bxd7 7. c4 {B51: Sicilian: Moscow Variation (3 Bb5+) without 3...Bd7} (7. Nc3 e5 8. Qd3 Rc8 9. O-O Qc7 10. a4 Be7 11. Rd1 h6 12. Nd2 Nf6 13. Nf1 O-O 14. Ne3 Be6 15. a5 Rfd8 {½-½ (58) Demchenko,A (2660)-Vachier Lagrave,M (2789) Riadh 2017}) 7... Nf6 8. Bg5 h6 {LiveBook: 7 Games} ({Better is} 8... e6 $11) 9. Be3 (9. Bxf6 $1 $14 gxf6 10. O-O) 9... e5 $11 10. Qd3 b5 11. Nc3 {[%cal Rc4b5]} bxc4 12. Qxc4 Be7 13. O-O O-O 14. Rfd1 Qb8 15. Rab1 $146 Rc8 $36 {[%mdl 2048] Black is more active.} 16. Qd3 Bb5 17. Nxb5 Qxb5 18. Nh4 Qxd3 19. Rxd3 Nxe4 20. Nf5 Bf8 21. f3 Nc5 22. Rd5 Nb7 23. Bf2 Rc6 24. Ne3 Nd8 25. b3 Ne6 26. Rbd1 Nc7 27. R5d3 f6 28. g3 Kf7 29. f4 g6 30. fxe5 fxe5 31. Be1 Ke6 32. Kg2 h5 33. Ba5 Be7 (33... Ne8 $19 34. Nc4 Nf6) 34. h4 (34. R3d2 $17) 34... Rf8 (34... Ne8 $19 35. Nd5 Rc2+ 36. R1d2 Rac8) 35. R1d2 Ne8 36. Nd5 Nf6 37. Nxe7 Kxe7 38. Rxd6 Rxd6 39. Rxd6 Kxd6 40. Bb4+ Kd5 41. Bxf8 $17 {[%mdl 4096] Endgame KB-KN} Kd4 42. b4 $1 Nd5 {aiming for ...Nc3.} 43. a3 (43. a4 $1 $15) 43... e4 {[%cal Be5e4,Be4e3][%mdl 32] ...e3 is the strong threat.} 44. a4 Kd3 ({Black should try} 44... e3 45. Bc5+ Kc4) 45. Kf2 $2 {[%mdl 8192] [#]} (45. b5 $17 axb5 46. axb5) 45... e3+ $1 $19 46. Ke1 e2 {( -> ...Ne3)} 47. b5 Ne3 {Precision: White = 37%, Black = 81%.} 0-1